000 00655nam a22001937a 4500
003 OSt
005 20230125114221.0
008 171014s2003 cr||||| |||| 00| 0 spa d
040 _cLado V
082 0 4 _a750
_bC955a
100 _9608
_aCruz Gonzalez, Manuel de la
_eautor
245 _aLa Abstracción Geométrica en Manuel de la Cruz Gonzalez/
260 _bMuseos del Banco Central
_aCosta Rica
300 _a6p.
_c23x33cm
650 _2Tesauro de Arte & Arquitectura
_aCATALOGO
650 _2Tesauro de Arte & Arquitectura
_aPINTURA
650 _2Tesauro de Arte & Arquitectura
_aGEOMETRIA
942 _2ddc
_c1
_h750
_iC955a
_n0
999 _c2874
_d2874